000 00992nam a2200217Ia 4500
999 _c4796
_d4796
003 OSt
005 20200513124621.0
008 191128s1987 ck gr 000 0 spa d
040 _aCO-JMCR
_cCO-JMCR
041 0 _aspa
082 0 4 _a307 .14861 /
_bC646p
_223
110 1 _aPresidencia de la República
_94255
245 1 0 _aPlan de lucha contra la pobreza absoluta y para la generación de empleo :
_bprograma de asentamientos humanos apoyo al desarrollo municipal DNP 2.326 - UDRU /
_cPresidencia de la República
260 _aBogotá :
_bPresidencia de la República,
_c1987
300 _a63 páginas ;
_c22 cm.
505 _aCobertura del programa -- Componentes del programa -- Unidad de ejecución -- Metas, costos financiación e impacto del programa de asentamientos humanos -- Recomendaciones de acciones inmediatas
650 1 4 _aPobreza
_zColombia
_94259
650 2 4 _aCondiciones económicas
_zColombia
_94260
650 2 4 _aCondiciones sociales
_zColombia
_94261
942 _2ddc
_cBK